| 000 | 00619nam a2200205 a 4500 | ||
|---|---|---|---|
| 005 | 20241113063729.0 | ||
| 008 | 991125s1970 mx 000 0 spa u | ||
| 035 | _aUPN01000004606 | ||
| 049 | _aCG | ||
| 050 | 4 |
_aNC590 _aS2.3 |
|
| 100 | 1 | _aSánchez Cardiel, Yolanda | |
| 245 | 1 | 0 |
_aArtes plásticas / _cYolanda Sánchez Cardiel. |
| 260 |
_aMéxico : _bIMSS, _c1970. |
||
| 300 |
_a123 p. : _bil. (algunas col.) |
||
| 440 | 0 |
_aManuales de prestaciones sociales ; _v22 |
|
| 650 | 7 |
_aArtes plásticas _2 _92767 |
|
| 650 | 4 |
_aArte _xEstudio y enseñanza _9207 |
|
| 650 | 4 |
_aDibujo _xEstudio y enseñanza _913 |
|
| 905 | _aLibro | ||
| 999 |
_c4606 _d4606 |
||